00695cam a22002057a 4500003000500000005001700005008004100022010001000063011001000073035001000083040000900093082001600102111010300118245007700221260008500298300001100383650002900394650003600423700003000459CHAP20220329133842.0971013s1985 r 10010 d a11792 a12764 a16351 cCHAP a634.955bE300aReunión Internacional Satélite al IX Congreso Forestal Mundial (n9d: 1985c: México, D.F.)13aEl estado actual de la genética y del mejoramiento genético forestal aMéxico, D.F. :bGrupo de Estudio sobre Mejoramiento Genético Forestal,c1985 a143 p.14aÁrbolesxMejoramiento.14aGenética forestalxCongresos.0 aEguiluz Piedra, Teobaldo.